Palestina en tiempos de Jesús /

Cuadernos Bíblicos es una colección que traduce los Cahiers Evangile, revista trimestral publicada por Editions du Cerf, que dirige el Service Biblique Evangile et Vie en Francia. En ambos cuadernos coinciden en la mayoría de las veces con el mismo número de volumen, al igual con el contenido; asimi...

Fuld beskrivelse

Guardado en:
Bibliografiske detaljer
Hovedforfatter: Saulnier, Christiane (autor)
Andre forfattere: Rolland, Bernard (autor) (autor), Charpentier, Etienne (presentación) (presentación)
Format: Bog
Sprog:spansk
Udgivet: Estella, España : Verbo Divino, 1982, c1979
Udgivelse:3a edición
Serier:(Cuadernos Bíblicos ; 27)
Fag:
Tags: Tilføj Tag
Ingen Tags, Vær først til at tagge denne postø!

MARC

LEADER 00000nam^a2200000^a^4500
001 000333650
005 20250521000000.0
009 20260526140830.528
020 |a 84-7151-255-6 
037 |a Acervo Xavier Clavigero 
041 |a ESP 
082 |a 220.  |b CUA V. 27 
100 |a Saulnier, Christiane  |e (autor) 
240 1 1 |a [Palestina en tiempos de Jesús] 
245 1 0 |a Palestina en tiempos de Jesús /  |c C. Saulnier, B. Rolland ; presen. de E. Charpentier ; tr. por Nicolás Darrícal. 
250 |a 3a edición 
264 4 |a Estella, España :  |b Verbo Divino,  |c 1982, c1979 
300 |a 62 p. 
336 |a texto  |b txt  |2 rdacontenido 
337 |a sin mediación  |b n  |2 rdamedio 
338 |a volumen  |b nc  |2 rdasoporte 
440 1 |a (Cuadernos Bíblicos ;  |v 27) 
500 |a Traducción de: La Palestine au temps de Jésus 
520 |a Cuadernos Bíblicos es una colección que traduce los Cahiers Evangile, revista trimestral publicada por Editions du Cerf, que dirige el Service Biblique Evangile et Vie en Francia. En ambos cuadernos coinciden en la mayoría de las veces con el mismo número de volumen, al igual con el contenido; asimismo el de la versión en español contiene ISBN y no indica que se trata de una publicación periódica. En ellos se abordan temas particulares sobresalientes de los libros de la Sagrada Escritura o se elaboran interpretaciones generales sobre cada libro bíblico o de aquellos llamados apócrifos. 
520 |a Estudio que plantea una visión sociopolítica y económica de la situación de Palestina en el siglo I, durante el tiempo que vivió Jesús, entre los que se destaca la presencia del Imperio romano, las institiciones religiosas, la sociedad judía y su resistencia. 
649 |a XX 
650 |a Judíos en Palestina -  |x Historia -  |y Siglo I  |x Tema Principal 
650 |a Biblia -  |x Nuevo Testamento -  |x Evangelios -  |x Historia de Acontecimientos Contemporáneos, etc. 
650 |a Judaísmo -  |x Historia -  |y Siglo I 
650 |a Cristianismo -  |x Historia -  |y Siglo I 
650 |a Religión -  |x Historia -  |y Siglo I 
650 |a Jerusalén, Israel -  |x Historia -  |y Siglo I 
650 |a Palestina -  |x Historia -  |y Siglo I -  |x Tema Principal 
650 |a Palestina -  |x Historia -  |y Dominación Romana, 63 a.C.-638 d.C. 
650 |a Palestina -  |x Historia Antigua 
650 |a Historia Antigua 
700 |a Rolland, Bernard  |e (autor) 
700 |a Charpentier, Etienne  |e (presentación) 
910 |a Fondo General 
920 |a Impresos - Libros 
930 |a Colección General 
905 |a 101 
901 |a 018654  |b IT1  |c ACC  |u 20250521 
901 |a 016029  |b IT1  |c ACC  |u 20250521 
901 |a 001168  |b IT1  |c ACC  |u 20250521 
902 |a https://opac.biblio.iteso.mx/vufind/Record/000333650